| 000 | 00922cam a2200277 a 4500 | ||
|---|---|---|---|
| 001 | 3260957 | ||
| 003 | PILC | ||
| 005 | 20160129115349.0 | ||
| 008 | 811008s1982 nyu 000 1 eng | ||
| 010 | _a 81015106 | ||
| 020 | _a071009003507 | ||
| 040 |
_aDLC _cDLC _dDLC _dOCoLC _dDLC |
||
| 050 | 0 | 0 |
_aPS 3566.A686 _b.P238 1983 |
| 082 | 0 | 0 |
_aFIC _bP22c 1982 |
| 100 | 1 |
_aParker, Robert B., _d1932-2010. _920488 |
|
| 245 | 1 | 0 |
_aCeremony : _ba spenser novel _cRobert B. Parker |
| 260 |
_aNew York, N.Y. : _bDelacorte Press /S. Lawrence, _cc1983. |
||
| 300 |
_a182 p. : _c18 cm. |
||
| 650 | 0 |
_aSpenser (Fictitious character) _xFiction. _920489 |
|
| 650 | 0 |
_aPrivate investigators _zMassachusetts _zBoston _xFiction. _920490 |
|
| 651 | 0 |
_aBoston (Mass.) _xFiction. _920491 |
|
| 655 | 7 |
_aDetective and mystery stories. _2gsafd _93472 |
|
| 906 |
_a7 _bcbc _corignew _d1 _eocip _f19 _gy-gencatlg |
||
| 942 |
_2lcc _cBK |
||
| 999 |
_c11524 _d11524 |
||